<?xml version="1.0" encoding="UTF-8"?>
<marc:record xmlns:marc="http://www.loc.gov/MARC21/slim">
   <marc:leader>00000nam a2200000 a 4500</marc:leader>
   <marc:datafield ind1="1" ind2=" " tag="100">
      <marc:subfield code="a">Bohlmann-Modersohn, Marina</marc:subfield>
      <marc:subfield code="4">aut</marc:subfield>
      <marc:subfield code="e">Verfasser/-in</marc:subfield>
   </marc:datafield>
   <marc:datafield ind1=" " ind2=" " tag="653">
      <marc:subfield code="a">Reiseführer</marc:subfield>
   </marc:datafield>
   <marc:datafield ind1=" " ind2=" " tag="653">
      <marc:subfield code="a">Frankreich</marc:subfield>
   </marc:datafield>
   <marc:datafield ind1=" " ind2=" " tag="653">
      <marc:subfield code="a">Paris</marc:subfield>
   </marc:datafield>
   <marc:datafield ind1=" " ind2=" " tag="653">
      <marc:subfield code="a">Louvre</marc:subfield>
   </marc:datafield>
   <marc:datafield ind1=" " ind2=" " tag="653">
      <marc:subfield code="a">Versailles</marc:subfield>
   </marc:datafield>
   <marc:datafield ind1=" " ind2=" " tag="653">
      <marc:subfield code="a">Softcover / Reiseführer/Europa</marc:subfield>
   </marc:datafield>
   <marc:datafield ind1=" " ind2=" " tag="653">
      <marc:subfield code="a">Führer</marc:subfield>
   </marc:datafield>
   <marc:datafield ind1="0" ind2="0" tag="245">
      <marc:subfield code="a">Paris</marc:subfield>
   </marc:datafield>
   <marc:datafield ind1="0" ind2="0" tag="245">
      <marc:subfield code="b">Eiffelturm - Wahrzeichen aus Stahl ; Montmartre - charmantes Künstlerviertel ; Musée du Louvre - Heimat der "Mona Lisa" ; Kartenatlas im Buch &amp; Extra-Karte zum Herausnehmen</marc:subfield>
   </marc:datafield>
   <marc:datafield ind1="0" ind2="0" tag="245">
      <marc:subfield code="c">Marina Bohlmann-Modersohn</marc:subfield>
   </marc:datafield>
   <marc:datafield ind1=" " ind2="1" tag="264">
      <marc:subfield code="a">München</marc:subfield>
      <marc:subfield code="b">Travel-House-Media</marc:subfield>
      <marc:subfield code="c">2013</marc:subfield>
   </marc:datafield>
   <marc:datafield ind1="1" ind2=" " tag="490">
      <marc:subfield code="a">Merian live!</marc:subfield>
   </marc:datafield>
   <marc:datafield ind1=" " ind2=" " tag="250">
      <marc:subfield code="a">4. Aufl.</marc:subfield>
   </marc:datafield>
   <marc:datafield ind1="1" ind2=" " tag="520">
      <marc:subfield code="a">Angaben aus der Verlagsmeldung

Paris : MERIAN live! - Mit Kartenatlas im Buch und Extra-Karte zum Herausnehmen / von Marina Bohlmann-Modersohn

Gerühmt und geliebt, viel bereist und oft besungen - die Stadt an der Seine ist mit Geschichte und Geschichten gesegnet. Sie verführt und verzaubert ihre Besucher, sei es beim Blick vom Eiffelturm über die Stadt, beim Betrachten der »Mona Lisa« im Louvre oder beim Bummel über einen der zahlreichen Märkte.
MERIAN live! bietet:
- Fundierte Beschreibungen aller wichtigen Sehenswürdigkeiten und Museen
- Sorgfältig ausgewählte Hotel- und Restaurantempfehlungen, Ausgeh- und Shoppingadressen sowie Tipps für Familien
- Empfehlungen für den umweltbewussten Urlaub im Kapitel grüner reisen
- 10 MERIAN-TopTen stellen die Höhepunkte der Stadt vor
- 10 MERIAN-Tipps führen zu den unbekannten Seiten der Stadt
- Verkehrslinienplan zur schnellen Orientierung
- Doppelter Vorteil: Kartenatlas im Buch und Extra-Karte zum Herausnehmen
</marc:subfield>
   </marc:datafield>
   <marc:datafield ind1=" " ind2=" " tag="020">
      <marc:subfield code="a">9783834214713</marc:subfield>
      <marc:subfield code="9">9783834214713</marc:subfield>
   </marc:datafield>
   <marc:datafield ind1=" " ind2=" " tag="020">
      <marc:subfield code="a">383421471X</marc:subfield>
      <marc:subfield code="9">383421471X</marc:subfield>
   </marc:datafield>
   <marc:datafield ind1=" " ind2=" " tag="041">
      <marc:subfield code="a">ger</marc:subfield>
   </marc:datafield>
   <marc:datafield ind1=" " ind2=" " tag="300">
      <marc:subfield code="a">160 S.</marc:subfield>
   </marc:datafield>
</marc:record>
